[Event "TUR Cup"]
[Site "Denizli"]
[Date "2023.07.17"]
[Round "3"]
[White "Yuceturk, Hakan"]
[Black "Cevizci, Yusuf Baran"]
[Result "0-1"]
[WhiteElo "1302"]
[BlackElo "2108"]
[PlyCount "78"]
[EventDate "2023.07.16"]
[EventType "team-tourn"]
[EventRounds "9"]
[EventCountry "TUR"]
[SourceTitle "CBM 215 Extra"]
[Source "ChessBase"]
[SourceDate "2023.09.30"]
[SourceVersion "1"]
[SourceVersionDate "2023.09.30"]
[SourceQuality "1"]

1. f4 d5 2. Nf3 g6 3. e3 Bg7 4. Nc3 Nf6 5. b3 0-0 6. Bb2 c5 7. Ne2 Nc6 8. d4 Ne4 9. Nd2 cxd4 10. Nxe4 Qa5+ 11. Qd2 Qxd2+ 12. Nxd2 dxe3 13. 0-0-0 exd2+ 14. Rxd2 Rd8 15. Bxg7 Kxg7 16. Nd4 f6 17. Nxc6 bxc6 18. g3 e5 19. Bg2 Be6 20. Re1 e4 21. Red1 Kf7 22. h3 Ke7 23. c3 a5 24. Kc2 f5 25. Bf1 c5 26. Bb5 Rab8 27. a4 Rd6 28. c4 d4 29. Rh2 Kf6 30. h4 h5 31. Ra1 Bc8 32. b4 cxb4 33. c5 Rd5 34. c6 Be6 35. Rc1 Rc5+ 36. Kd1 Bb3+ 37. Rhc2 d3 38. Kd2 dxc2 39. Ke3 Rd8 0-1

[Event "TUR Cup"]
[Site "Denizli"]
[Date "2023.07.16"]
[Round "1"]
[White "Sariali, Furkan Anil"]
[Black "Cevizci, Yusuf Baran"]
[Result "0-1"]
[WhiteElo "1620"]
[BlackElo "2108"]
[PlyCount "94"]
[EventDate "2023.07.16"]
[EventType "team-tourn"]
[EventRounds "9"]
[EventCountry "TUR"]
[SourceTitle "CBM 215 Extra"]
[Source "ChessBase"]
[SourceDate "2023.09.30"]
[SourceVersion "1"]
[SourceVersionDate "2023.09.30"]
[SourceQuality "1"]

1. Nf3 d5 2. c4 c6 3. b3 Nf6 4. Bb2 Bf5 5. d4 e6 6. a3 Nbd7 7. Nbd2 Ne4 8. e3 Bd6 9. Be2 0-0 10. 0-0 Qf6 11. Nxe4 dxe4 12. Nd2 Qh6 13. g3 Bh3 14. Nxe4 Bxf1 15. Nxd6 Bxe2 16. Qxe2 Rab8 17. Rd1 Rfd8 18. e4 b5 19. c5 e5 20. Nf5 Qe6 21. d5 cxd5 22. Rxd5 Nf6 23. Rxe5 Qxb3 24. c6 Qd1+ 25. Qxd1 Rxd1+ 26. Kg2 Ne8 27. Rc5 Kf8 28. Kf3 g6 29. Nd4 a6 30. Ke2 Rh1 31. Nf3 Nc7 32. Be5 Rc8 33. Bd6+ Ke8 34. Re5+ Ne6 35. Nd4 Kd8 36. Nxe6+ fxe6 37. Rc5 Rxh2 38. Ke3 Rh5 39. e5 Rf5 40. Rc2 Rg5 41. Kf4 Rh5 42. g4 g5+ 43. Kg3 Rh1 44. f4 Rg1+ 45. Kh2 Rxg4 46. f5 exf5 47. e6 Re4 0-1

[Event "EU-ch Online U2300 Qual"]
[Site "Chess.com INT"]
[Date "2020.05.25"]
[Round "6"]
[White "Abbasov, Amil Habil Oglu"]
[Black "Cevizci, Yusuf Baran"]
[Result "1-0"]
[WhiteElo "2172"]
[BlackElo "1789"]
[PlyCount "87"]
[EventDate "2020.05.25"]
[EventType "swiss"]
[EventRounds "8"]
[EventCountry "NET"]
[SourceTitle "EXT 2021"]
[Source "ChessBase"]
[SourceDate "2020.10.23"]
[SourceVersion "1"]
[SourceVersionDate "2020.10.23"]
[SourceQuality "1"]

1. e4 e6 2. d4 d5 3. Bd3 dxe4 4. Bxe4 Nf6 5. Bf3 c5 6. Ne2 e5 7. dxe5 Qxd1+ 8. Kxd1 Ng4 9. Bxg4 Bxg4 10. f3 Bd7 11. Nbc3 Bc6 12. Ke1 Nd7 13. Bf4 h6 14. h4 Rg8 15. Kf2 g5 16. hxg5 hxg5 17. Bg3 Bg7 18. Rhe1 0-0-0 19. Nc1 Rge8 20. Nd3 c4 21. Nb4 Nxe5 22. Bxe5 Bxe5 23. Nxc6 bxc6 24. Rad1 f5 25. g4 fxg4 26. fxg4 Rf8+ 27. Kg2 Bc7 28. Rxd8+ Rxd8 29. Ne4 Bf4 30. Re2 Kc7 31. Nc5 Kb6 32. Ne6 Rd5 33. Nxf4 gxf4 34. Kf3 Kc7 35. Kxf4 Rd4+ 36. Kf5 Rd5+ 37. Kf6 Rd6+ 38. Kg5 Rd5+ 39. Kh4 Rd4 40. Kh5 Rd1 41. g5 Rh1+ 42. Kg6 Kd6 43. Kg7 a5 44. g6 1-0